00359pam a2200109 a 4500020000500000041000800005100001800013245005100031930000900082999001700091952014100108 c aeng aPowell, Jim . aPostmodernism for Beginers hTextual Documents a7681 c84592d84592 001040708Text BooksaYMPbYMPd2021-05-25eSatish Book Distributorsg190.00l0o pYMP-37819r2023-02-24 00:00:00t1w2023-02-24yBK